000 00340 a2200109 4500
001 ART_50560
005 20260410162002.0
008 260409a
245 1 0 _aAutonomía progresiva de niñas y adolescentes y bioética
100 1 _aHerrera, Marisa
773 0 _tPensar en derecho
_g- Año 8, Nº 14 (oct. 2014)
_wREV28996
999 _c31375
_d31375